MARC details
| 000 -LEADER |
| campo de control de longitud fija |
03929cad a2200301Mi 4500 |
| 001 - NÚMERO DE CONTROL |
| campo de control |
79459 |
| 005 - FECHA Y HORA DE LA ÚLTIMA TRANSACCIÓN |
| campo de control |
20230410105256.0 |
| 008 - DATOS DE LONGITUD FIJA--INFORMACIÓN GENERAL |
| campo de control de longitud fija |
000101s2009 enk 000 0 eng d |
| 035 ## - NÚMERO DE CONTROL DEL SISTEMA |
| Número de control de sistema |
(OCoLC)ocn192109802 |
| 020 ## - NÚMERO INTERNACIONAL ESTÁNDAR DEL LIBRO |
| Número Internacional Estándar del Libro |
9780199733538 (pbk.) |
| 020 ## - NÚMERO INTERNACIONAL ESTÁNDAR DEL LIBRO |
| Número Internacional Estándar del Libro |
0199733538 |
| 043 ## - CÓDIGO DE ÁREA GEOGRÁFICA |
| Código de área geográfica |
n-us--- |
| 050 14 - SIGNATURA TOPOGRÁFICA DE LA BIBLIOTECA DEL CONGRESO |
| Número de clasificación |
UG 447.8 |
| Número de ítem |
L817s 2009 |
| 082 00 - NÚMERO DE LA CLASIFICACIÓN DECIMAL DEWEY |
| Número de clasificación |
358/.3882 |
| 100 1# - ENTRADA PRINCIPAL--NOMBRE DE PERSONA |
| Nombre de persona |
Lockwood, Jeffrey Alan, |
| Fechas asociadas al nombre |
1960- |
| 245 10 - MENCIÓN DEL TÍTULO |
| Título |
Six-legged soldiers : |
| Resto del título |
using insects as weapons of war / |
| Mención de responsabilidad, etc. |
Jeffrey A. Lockwood. |
| 260 ## - PUBLICACIÓN, DISTRIBUCIÓN, ETC. |
| Lugar de publicación, distribución, etc. |
Oxford ; |
| -- |
New York : |
| Nombre del editor, distribuidor, etc. |
Oxford University Press, |
| Fecha de publicación, distribución, etc. |
2009. |
| 300 ## - DESCRIPCIÓN FÍSICA |
| Extensión |
xx, 378 p. : |
| Otras características físicas |
ill. ; |
| Dimensiones |
24 cm. |
| 504 ## - NOTA DE BIBLIOGRAFÍA, ETC. |
| Nota de bibliografía, etc. |
Includes bibliographical references (p. 315-360) and index. |
| 505 0# - NOTA DE CONTENIDO CON FORMATO |
| Nota de contenido con formato |
PART 1. STINGING DEFEATS AND VENOMOUS VICTORIES: 1. Bee bombs and wasp warheads ; 2. Toxic tactics and terrors ; 3. Insects as tools of torture -- PART 2. VECTORS OF DEATH: 4. Horseshoes and hand grenades ; 5. The victories of the vectors ; 6. A most uncivil war ; 7. All's lousy on the Eastern Front -- PART 3. BRINGING FEVER AND FAMINE TO A WORLD AT WAR: 8. A momentous metamorphosis ; 9. Entomological evil ; 10. Japan's fleas and flies ; 11. Japan's pleas and lies ; 12. Beetle bombs ; 13. Waking the slumbering giants -- PART 4. COLD-BLOODED FIGHTERS OF THE COLD WAR: 14. Korea's hailstorms of hexapods ; 15. A swarm of accusations ; 16. An imaginary menagerie? ; 17. The big itch ; 18. Yankee (and Vietnamese) ingenuity ; 19. Cuban missiles vs. American arthropods ; 20. A tiny terrorist in Castro's crops -- PART 5. THE FUTURE OF ENTOMOLOGICAL WARFARE: 21. Medflies, fruits, and nuts ; 22. Fear on the farm ; 23. Wimpy warmups and real deals ; 24. Six-legged guardian angels ; 25. Insect cyborgs and roboflies ; 26. "Vigilant and ready"? |
| 520 ## - RESUMEN, ETC. |
| Sumario, etc. |
From the Publisher: The emir of Bukhara used assassin bugs to eat away the flesh of his prisoners. General Ishii Shiro during World War II released hundreds of millions of infected insects across China, ultimately causing more deaths than the atomic bombs dropped on Japan. These are just two of many startling examples found in Six-legged Soldiers, a brilliant portrait of the many weirdly creative, truly frightening, and ultimately powerful ways in which insects have been used as weapons of war, terror, and torture. Beginning in prehistoric times and building toward a near and disturbing future, the reader is taken on a journey of innovation and depravity. Award-winning science writer Jeffrey A. Lockwood begins with the development of "bee bombs" in the ancient world and explores the role of insect-borne disease in changing the course of major battles, ranging from Napoleon's military campaigns to the trenches of World War I. He explores the horrific programs of insect warfare during World War II: airplanes dropping plague-infested fleas, facilities rearing tens of millions of hungry beetles to destroy crops, and prison camps staffed by doctors testing disease-carrying lice on inmates. The Cold War saw secret government operations involving the mass release of specially developed strains of mosquitoes on an unsuspecting American public-along with the alleged use of disease-carrying and crop-eating pests against North Korea and Cuba. Lockwood reveals how easy it would be to use of insects in warfare and terrorism today: In 1989, domestic ecoterrorists extorted government officials and wreaked economic and political havoc by threatening to release the notorious Medfly into California's crops. A remarkable story of human ingenuity-and brutality-Six-Legged Soldiers is the first comprehensive look at the use of insects as weapons of war, from ancient times to the present day. |
| 650 #0 - PUNTO DE ACCESO ADICIONAL DE MATERIA--TÉRMINO DE MATERIA |
| Término de materia o nombre geográfico como elemento de entrada |
Biological warfare. |
| 650 #0 - PUNTO DE ACCESO ADICIONAL DE MATERIA--TÉRMINO DE MATERIA |
| Término de materia o nombre geográfico como elemento de entrada |
Insects as carriers of disease. |
| 650 #0 - PUNTO DE ACCESO ADICIONAL DE MATERIA--TÉRMINO DE MATERIA |
| Término de materia o nombre geográfico como elemento de entrada |
Agroterrorism |
| Subdivisión general |
Prevention. |
| 856 41 - LOCALIZACIÓN Y ACCESO ELECTRÓNICOS |
| Materiales especificados |
Table of contents only |
| Identificador Uniforme de Recursos |
<a href="http://www.loc.gov/catdir/toc/ecip0811/2008006935.html">http://www.loc.gov/catdir/toc/ecip0811/2008006935.html</a> |
| 942 ## - ELEMENTOS DE ENTRADA SECUNDARIOS (KOHA) |
| Fuente del sistema de clasificación o colocación |
Clasificación de Library of Congress |
| Tipo de ítem Koha |
|
| 994 ## - |
| -- |
C0 |
| -- |
DRFGD |